[Event "Titled Tuesday intern op 07th May Early"]
[Site "Chess.com INT"]
[Date "2024.05.07"]
[Round "9"]
[White "Kotlyar, Kirill"]
[Black "Azali, Tannaz"]
[Result "1-0"]
[WhiteElo "2390"]
[BlackElo "2101"]
[PlyCount "49"]
[EventDate "2024.05.07"]
[EventType "swiss (blitz)"]
[EventRounds "11"]
[EventCountry "USA"]
[SourceTitle "EXT 2025"]
[Source "ChessBase"]
[SourceDate "2024.10.14"]
[SourceVersion "1"]
[SourceVersionDate "2024.10.14"]
[SourceQuality "1"]

1. d4 Nf6 2. c4 e6 3. Nc3 Bb4 4. e3 0-0 5. Bd2 d5 6. Nf3 Bxc3 7. Bxc3 Ne4 8. Rc1 Nxc3 9. Rxc3 Nd7 10. Bd3 Nf6 11. 0-0 dxc4 12. Rxc4 b6 13. Ne5 c5 14. dxc5 Qd5 15. Nf3 bxc5 16. e4 Qc6 17. e5 Nd5 18. Bxh7+ Kh8 19. Rh4 Bb7 20. Be4+ Kg8 21. Ng5 g6 22. Qf3 Qc7 23. Bxd5 Qxe5 24. Bxb7 Qxg5 25. Rg4 1-0

[Event "Titled Tuesday intern op 09th Apr Early"]
[Site "Chess.com INT"]
[Date "2024.04.09"]
[Round "11"]
[White "Skotheim, Andreas"]
[Black "Kotlyar, Kirill"]
[Result "1-0"]
[WhiteElo "2214"]
[BlackElo "2390"]
[PlyCount "45"]
[EventDate "2024.04.09"]
[EventType "swiss (blitz)"]
[EventRounds "11"]
[EventCountry "USA"]
[SourceTitle "EXT 2025"]
[Source "ChessBase"]
[SourceDate "2024.10.14"]
[SourceVersion "1"]
[SourceVersionDate "2024.10.14"]
[SourceQuality "1"]

1. d3 Nf6 2. c4 c5 3. g3 g6 4. Nf3 Bg7 5. Bg2 0-0 6. 0-0 d5 7. cxd5 Nxd5 8. Nc3 Nxc3 9. bxc3 Bxc3 10. Bh6 Re8 11. Rc1 Bh8 12. Rxc5 Qb6 13. Qc2 Be6 14. Rb1 Qa6 15. Ng5 Bxa2 16. Rxb7 f6 17. Rxe7 Nd7 18. Rxd7 fxg5 19. Rc6 Qa3 20. d4 Rab8 21. Rxg6+ hxg6 22. Qxg6+ Bg7 23. Qxg7# 1-0

[Event "Titled Tuesday intern op 26th Mar Early"]
[Site "Chess.com INT"]
[Date "2024.03.26"]
[Round "7"]
[White "Kotlyar, Kirill"]
[Black "Kleibel, Uwe"]
[Result "1-0"]
[WhiteElo "2390"]
[BlackElo "2297"]
[PlyCount "37"]
[EventDate "2024.03.26"]
[EventType "swiss (blitz)"]
[EventRounds "11"]
[EventCountry "USA"]
[SourceTitle "EXT 2025"]
[Source "ChessBase"]
[SourceDate "2024.10.14"]
[SourceVersion "1"]
[SourceVersionDate "2024.10.14"]
[SourceQuality "1"]

1. e4 e5 2. Nf3 Nf6 3. d4 exd4 4. e5 Ne4 5. Qxd4 d5 6. exd6 Nxd6 7. Nc3 Nc6 8. Qf4 Bf5 9. Bb5 Qe7+ 10. Be3 0-0-0 11. Bxc6 bxc6 12. Qa4 Ne4 13. Qa6+ Kd7 14. 0-0-0+ Nd6 15. Rhe1 Be6 16. Ne5+ Ke8 17. Qxc6+ Bd7 18. Nxd7 Qxd7 19. Bg5+ 1-0

[Event "Titled Tuesday intern op 26th Mar Early"]
[Site "Chess.com INT"]
[Date "2024.03.26"]
[Round "9"]
[White "Yonal, Timur"]
[Black "Kotlyar, Kirill"]
[Result "1-0"]
[WhiteElo "2049"]
[BlackElo "2390"]
[PlyCount "97"]
[EventDate "2024.03.26"]
[EventType "swiss (blitz)"]
[EventRounds "11"]
[EventCountry "USA"]
[SourceTitle "EXT 2025"]
[Source "ChessBase"]
[SourceDate "2024.10.14"]
[SourceVersion "1"]
[SourceVersionDate "2024.10.14"]
[SourceQuality "1"]

1. e4 e5 2. Nf3 Nc6 3. Bb5 a6 4. Ba4 Nf6 5. 0-0 Be7 6. Re1 b5 7. Bb3 0-0 8. c3 d5 9. exd5 Nxd5 10. Nxe5 Nxe5 11. Rxe5 c6 12. Bxd5 cxd5 13. d4 Bd6 14. Re3 Qh4 15. h3 Qf4 16. Re5 Qf6 17. Re3 Qg6 18. Nd2 Bd7 19. Nf1 Rae8 20. Qf3 Be6 21. Bd2 f5 22. Rae1 f4 23. R3e2 Kh8 24. Nh2 h5 25. Bc1 Rf6 26. a4 Ref8 27. axb5 axb5 28. Nf1 Bf5 29. Qxd5 Bxh3 30. f3 Bd7 31. Nd2 Bb8 32. Ne4 R6f7 33. Nc5 Bc6 34. Qe6 Rf6 35. Qh3 Bd5 36. Nd7 Bc4 37. Nxf8 Rxf8 38. Re7 Bd6 39. Ra7 b4 40. Bd2 b3 41. Ra5 Qc2 42. Rxh5+ Kg8 43. Rh8+ Kf7 44. Qh5+ g6 45. Qh7+ Kf6 46. Bxf4 Rxh8 47. Qxh8+ Kf5 48. Re5+ Kxf4 49. Qh4# 1-0

[Event "Titled Tuesday intern op 05th Mar Early"]
[Site "Chess.com INT"]
[Date "2024.03.05"]
[Round "10"]
[White "Hernandez Amura, Gilberto"]
[Black "Kotlyar, Kirill"]
[Result "0-1"]
[WhiteElo "2198"]
[BlackElo "2390"]
[PlyCount "86"]
[EventDate "2024.03.05"]
[EventType "swiss (blitz)"]
[EventRounds "11"]
[EventCountry "USA"]
[SourceTitle "EXT 2025"]
[Source "ChessBase"]
[SourceDate "2024.10.14"]
[SourceVersion "1"]
[SourceVersionDate "2024.10.14"]
[SourceQuality "1"]

1. c4 e5 2. g3 c6 3. Bg2 d5 4. b3 Nf6 5. Bb2 Bd6 6. e3 0-0 7. Ne2 Bf5 8. d4 e4 9. h3 h5 10. Nbc3 Na6 11. a3 Re8 12. Nf4 Bxf4 13. gxf4 Qd7 14. c5 Nc7 15. Bf1 b6 16. cxb6 axb6 17. Na4 Rab8 18. Rc1 b5 19. Nc5 Qe7 20. b4 Nd7 21. Qxh5 g6 22. Qd1 Nb6 23. h4 Nc4 24. Bxc4 dxc4 25. h5 Nd5 26. hxg6 fxg6 27. Kd2 Kg7 28. Qe2 Rh8 29. Rcg1 Qa7 30. f3 c3+ 31. Bxc3 Nxc3 32. Kxc3 Qxa3+ 33. Kd2 Qxb4+ 34. Kd1 Ra8 35. Qc2 Ra1+ 36. Ke2 exf3+ 37. Kxf3 Bxc2 38. Rxa1 Rxh1 39. Rxh1 Qc4 40. Rh4 b4 41. f5 Bxf5 42. e4 Qxd4 43. e5 Qxh4 0-1

[Event "Titled Tuesday intern op 05th Mar Early"]
[Site "Chess.com INT"]
[Date "2024.03.05"]
[Round "7"]
[White "Kotlyar, Kirill"]
[Black "Marn, Jan"]
[Result "1-0"]
[WhiteElo "2390"]
[BlackElo "2341"]
[PlyCount "127"]
[EventDate "2024.03.05"]
[EventType "swiss (blitz)"]
[EventRounds "11"]
[EventCountry "USA"]
[SourceTitle "EXT 2025"]
[Source "ChessBase"]
[SourceDate "2024.10.14"]
[SourceVersion "1"]
[SourceVersionDate "2024.10.14"]
[SourceQuality "1"]

1. d4 Nf6 2. c4 g6 3. g3 Bg7 4. Bg2 0-0 5. Nc3 d6 6. Nf3 Nbd7 7. 0-0 e5 8. e4 c6 9. Be3 Ng4 10. Bg5 Qb6 11. h3 exd4 12. Na4 Nxf2 13. Nxb6 Nxd1 14. Nxd7 Bxd7 15. Raxd1 c5 16. Be7 Rfe8 17. Bxd6 b6 18. Rde1 Rad8 19. e5 Bc6 20. Ng5 Bxg2 21. Kxg2 Rd7 22. Ne4 Re6 23. Ng5 Re8 24. g4 h6 25. Ne4 Re6 26. Nf2 Bh8 27. Nd3 Bg7 28. Nf4 Re8 29. Kf3 g5 30. Nh5 Bh8 31. Ng3 f6 32. Nf5 fxe5 33. Ke4 Re6 34. Kd5 Rg6 35. Ne7+ Rxe7 36. Bxe7 d3 37. Rf8+ Kh7 38. Ref1 d2 39. R8f7+ Bg7 40. Bf8 e4 41. Kxe4 Re6+ 42. Kd3 Re1 43. Rxg7+ Kh8 44. Rd7 d1Q+ 45. Kc3 Qc1+ 46. Kb3 Re3+ 47. Ka4 Qc2+ 48. b3 Qxa2+ 49. Kb5 Qa5+ 50. Kc6 Re6+ 51. Bd6 Rxd6+ 52. Rxd6 Qc3 53. Rf8+ Kg7 54. Rfd8 Qf3+ 55. Rd5 Qxb3 56. R8d7+ Kf6 57. R5d6+ Ke5 58. Re7+ Kf4 59. Rf6+ Kg3 60. Rd6 Qxc4 61. Rde6 Qa4+ 62. Kb7 c4 63. Re3+ Kf4 64. R7e4# 1-0

[Event "Titled Tuesday intern op 05th Mar Early"]
[Site "Chess.com INT"]
[Date "2024.03.05"]
[Round "4"]
[White "Livaic, Leon"]
[Black "Kotlyar, Kirill"]
[Result "1-0"]
[WhiteElo "2558"]
[BlackElo "2390"]
[PlyCount "101"]
[EventDate "2024.03.05"]
[EventType "swiss (blitz)"]
[EventRounds "11"]
[EventCountry "USA"]
[SourceTitle "EXT 2025"]
[Source "ChessBase"]
[SourceDate "2024.10.14"]
[SourceVersion "1"]
[SourceVersionDate "2024.10.14"]
[SourceQuality "1"]

1. e4 c5 2. Nf3 d6 3. d4 cxd4 4. Qxd4 Nf6 5. Nc3 Nc6 6. Bb5 Bd7 7. Bxc6 Bxc6 8. Bg5 e6 9. 0-0-0 Be7 10. Rhe1 Qa5 11. Nd5 Bxd5 12. exd5 h6 13. Bh4 Qxa2 14. dxe6 fxe6 15. c3 0-0 16. Bxf6 Rxf6 17. Qe4 d5 18. Qc2 Bd6 19. Rd4 Bf4+ 20. Kd1 Raf8 21. Ra4 Qxa4 22. Qxa4 g5 23. h3 a6 24. Qd7 R8f7 25. Qc8+ Rf8 26. Qxb7 e5 27. Qxd5+ Kg7 28. Kc2 R6f7 29. Nxe5 Re7 30. g3 Bxe5 31. Rxe5 Rxf2+ 32. Kb1 Ref7 33. Re6 Rf1+ 34. Ka2 R1f5 35. Re5 Rf2 36. Qe4 Rh2 37. Re7 Rhf2 38. Rxf7+ Rxf7 39. b4 Rf6 40. Kb3 h5 41. h4 Kh6 42. hxg5+ Kxg5 43. c4 Rf5 44. c5 Rf6 45. c6 Kh6 46. c7 Rf8 47. Qc6+ Kg7 48. c8Q Rxc8 49. Qxc8 h4 50. gxh4 a5 51. bxa5 1-0

[Event "Titled Tuesday intern op 27th Feb Early"]
[Site "Chess.com INT"]
[Date "2024.02.27"]
[Round "3"]
[White "Kotlyar, Kirill"]
[Black "Tarasova, Viktoriya"]
[Result "1-0"]
[WhiteElo "2390"]
[BlackElo "2226"]
[PlyCount "51"]
[EventDate "2024.02.27"]
[EventType "swiss (blitz)"]
[EventRounds "11"]
[EventCountry "USA"]
[SourceTitle "EXT 2025"]
[Source "ChessBase"]
[SourceDate "2024.10.14"]
[SourceVersion "1"]
[SourceVersionDate "2024.10.14"]
[SourceQuality "1"]

1. d4 Nf6 2. c4 e6 3. Nc3 Bb4 4. e3 0-0 5. Bd2 d5 6. Nf3 dxc4 7. Bxc4 c5 8. a3 Bxc3 9. Bxc3 Ne4 10. Rc1 Nxc3 11. Rxc3 cxd4 12. Nxd4 a6 13. 0-0 e5 14. Nf3 Qe7 15. Qc2 Nc6 16. Bd5 Bd7 17. Rd1 Kh8 18. b4 f5 19. Rc5 Rac8 20. Qb2 e4 21. Bxc6 Bxc6 22. Nd4 Ba4 23. Nxf5 Qg5 24. h4 Qg6 25. Ne7 Qg4 26. Rdd5 1-0